Địa vật lý thăm dò T.1 Thăm dò điện

Sparad:
Bibliografiska uppgifter
Huvudupphovsman: Phạm Năng Vũ (chủ biên)
Övriga upphovsmän: Lâm Quang Thiệp, Tôn Tích Ái
Materialtyp: Bok
Publicerad: H. Đại học và trung học chuyên nghiệp 1979
Ämnen:
Taggar: Lägg till en tagg
Inga taggar, Lägg till första taggen!
Thư viện lưu trữ: Trung tâm Học liệu Lê Vũ Hùng, Trường Đại học Đồng Tháp
LEADER 00926pam a22002658a 4500
001 00017291
005 20171026081022.0
008 110419s1979 ||||||Viesd
041 0 # |a Vie 
082 1 # |a 622.154  |b Đ301V 
100 0 # |a Phạm Năng Vũ  |e chủ biên 
245 0 0 |c Phạm Năng Vũ, Lâm Quang Thiệp, Tôn Tích Ái, Nguyễn Sang  |n T.1  |p Thăm dò điện  |a Địa vật lý thăm dò 
260 # # |a H.  |b Đại học và trung học chuyên nghiệp  |c 1979 
300 # # |a 292 tr.  |b Hình vẽ  |c 21 cm. 
653 # # |a Khoa học trái đất 
653 # # |a Phóng xạ 
653 # # |a Địa vật lý 
653 # # |a Thăm dò 
700 0 # |a Lâm Quang Thiệp 
700 0 # |a Tôn Tích Ái 
852 # # |b Kho đọc  |j KD.0002541 
852 # # |j KD.0002541 
910 |d 19/04/2011 
980 # # |a Trung tâm Học liệu Lê Vũ Hùng, Trường Đại học Đồng Tháp